Statistics for Biggest Towns on Long Island with a Map

Click here to take the quiz!

General Stats

  • This quiz has been taken 32 times
  • The average score is 5 of 10

Answers on the Map

Answers color-coded by a green-red scale on the quiz's map according to % correct below.
Loading ...
 

Answer Stats

PopulationTown% Correct
2,559,903(Brooklyn)
76%
2,253,858(Queens)
72%
759,757Hempstead
60%
335,543Islip
52%
213,603Babylon
44%
293,214Oyster Bay
40%
203,264Huntington
40%
117,801Smithtown
32%
486,040Brookhaven
24%
226,322North Hempstead
16%

Score Distribution

Percentile by Number Answered

Percent of People with Each Score

Your Score History

You have not taken this quiz